QUEST Central Library Banner

Islamic pottery (Record no. 12257)

MARC details
000 -LEADER
fixed length control field 00213nam a22001097a 4500
082 ## - DEWEY DECIMAL CLASSIFICATION NUMBER
Classification number 297.7GRU
100 ## - MAIN ENTRY--AUTHOR NAME
Personal name Grube J E
245 ## - TITLE STATEMENT
Title Islamic pottery
260 ## - PUBLICATION, DISTRIBUTION, ETC. (IMPRINT)
Place of publication London
Name of publisher Fiber
Year of publication 1976
300 ## - PHYSICAL DESCRIPTION
Number of Pages 378
942 ## - ADDED ENTRY ELEMENTS (KOHA)
Koha item type Books
Holdings
Withdrawn status Lost status Home library Current library Date acquired Cost, normal purchase price Full call number Accession Number Koha item type
    Central Library, QUEST, Nawabshah Central Library, QUEST, Nawabshah 11/02/2015 992.00 297.7GRU 7085 Books

Copyright © 2018,The QUEST, Nawabshah, Shaheed Benazirabad. All rights reserved
Mr. G. Farooq Channar (Librarian) QUEST, Nawabshah, Sindh, Pakistan 67480.
 Ph#: |   0244-9370381-4 Ext. 2308   Email| lib@quest.edu.pk   Web|  http://www.quest.edu.pk